Países com extremos de temperatura - Statistics

Estatísticas Gerais
  • Esse quiz foi jogado 60 vezes
  • A pontuação média é 14 de 20
Estatísticas das Respostas
Temperatura Países % Correto
-68 °C Rússia
100%
-63 °C Canadá
96%
56,7 °C Estados Unidos
94%
-62 °C Estados Unidos
94%
-51,4 °C Noruega
89%
52,2 °C China
87%
-52,3 °C China
87%
-52,6 °C Suécia
87%
-51,5 °C Finlândia
85%
52 °C Arábia Saudita
83%
54 °C Austrália
76%
53,9 °C Iraque
72%
51 °C Argélia
65%
54 °C Israel
54%
55 °C Tunísia
52%
53,7 °C Paquistão
50%
-46,4 °C Turquia
50%
-49,6 °C Itália
37%
53,9 °C Kuwait
35%
-43,6 °C Coreia do Norte
33%
Nenhum quiz correspondente encontrado
Distribuição das Pontuações
Porcentagem de Pessoas com Cada Pontuação
Percentil de Números Respondidos
Sua Pontuação Histórica
Você não jogou esse quiz